000 00653nam a2200265Ia 4500
005 20260121161403.0
008 008 260114s9999 xx 000 0 eng d
020 _a9781003369288
037 _aEBOOK
040 _aCRL
040 _beng
040 _cCRL
041 _2eng
041 _aeng
084 _qCRL
100 _aNon-Coding RNAs
_91043970
245 0 _aPenna Suprasanna; Vinay Kumar; Ashish Kumar Srivastava
260 _bTaylor and Francis
260 _c2024
650 _aBotany
_91043971
856 _uhttp://www.taylorfrancis.com/books/9781003369288
942 _cEBOOK
999 _c1610391
_d1610391